मानव और धर्म : (Record no. 15224)

MARC details
000 -LEADER
fixed length control field 01427nam a22002897a 4500
005 - DATE AND TIME OF LATEST TRANSACTION
control field 20080829101324.0
008 - FIXED-LENGTH DATA ELEMENTS--GENERAL INFORMATION
fixed length control field 080829t xxu||||| |||| 00| 0 hin d
010 ## - LIBRARY OF CONGRESS CONTROL NUMBER
LC control number HIN-84126
020 ## - INTERNATIONAL STANDARD BOOK NUMBER
Terms of availability 50.00
International Standard Book Number 8173090920
035 ## - SYSTEM CONTROL NUMBER
System control number HN-56472
037 ## - SOURCE OF ACQUISITION
Stock number DBAD / PUB
040 ## - CATALOGING SOURCE
Original cataloging agency DPL
Language of cataloging HN
082 ## - DEWEY DECIMAL CLASSIFICATION NUMBER
Classification number 200
100 ## - MAIN ENTRY--PERSONAL NAME
Personal name इन्द्रचन्द्र शास्त्री
245 ## - TITLE STATEMENT
Title मानव और धर्म :
Statement of responsibility, etc इन्द्रचन्द्र शास्त्री
Remainder of title (जीवन में धर्म के महत्व का विवेचन) /
246 ## - VARYING FORM OF TITLE
Title proper/short title Maanava aur dharma
Remainder of title by Indrachandra Shashtri
250 ## - EDITION STATEMENT
Edition statement 2रा संस्क
260 ## - PUBLICATION, DISTRIBUTION, ETC. (IMPRINT)
Place of publication, distribution, etc नई दिल्ली
Name of publisher, distributor, etc सस्ता साहित्य मण्डल
Date of publication, distribution, etc 2005
270 ## - ADDRESS
Address एन-77, पहली मंजिल, कनाट सर्कस
City नई दिल्ली
Postal code 110001
Telephone number 23310505, 51523565
300 ## - PHYSICAL DESCRIPTION
Extent 180पृ
Dimensions 22सेमी (अजिल्द)
650 ## - SUBJECT ADDED ENTRY--TOPICAL TERM
Topical term or geographic name as entry element धर्म
General subdivision दर्शन
650 ## - SUBJECT ADDED ENTRY--TOPICAL TERM
Topical term or geographic name as entry element Religion
General subdivision Philosophy
650 ## - SUBJECT ADDED ENTRY--TOPICAL TERM
Topical term or geographic name as entry element दार्शनिक मानवशास्त्र
650 ## - SUBJECT ADDED ENTRY--TOPICAL TERM
Topical term or geographic name as entry element Philosophical anthropology
942 ## - ADDED ENTRY ELEMENTS (KOHA)
Source of classification or shelving scheme Dewey Decimal Classification
Koha item type Hindi Books
Classification part 200
Call number suffix इन्द्रच
Holdings
Withdrawn status Lost status Damaged status Not for loan Collection code Home library Current library Date acquired Source of acquisition Cost, normal purchase price Total Checkouts Full call number Barcode Date last seen Copy number Cost, replacement price Price effective from Koha item type
      Not For Loan Non-fiction D.B.Act.Division D.B.Act.Division 29/08/2008 DBAD / PUB 50.00   200 इन्द्रच HN-56472 15/09/2008 1 50.00 15/09/2008 Hindi Books

© Delhi Public Library
Hit Counter
free hit counter